[Event "Wch U14 Girls"]
[Site "Caldas Novas"]
[Date "2011.11.20"]
[Round "4"]
[White "Xu, Xiaoyu"]
[Black "Herrera Tafur, Alexandra"]
[Result "1-0"]
[WhiteElo "1744"]
[BlackElo "1470"]
[PlyCount "115"]
[EventDate "2011.11.18"]
[EventType "swiss"]
[EventRounds "9"]
[EventCountry "BRA"]
[SourceTitle "EXT 2013"]
[Source "ChessBase"]
[SourceDate "2012.11.22"]
[SourceVersion "1"]
[SourceVersionDate "2012.11.22"]
[SourceQuality "1"]

1. e4 c5 2. Nf3 Nc6 3. d4 cxd4 4. Nxd4 e5 5. Nb5 d6 6. N1c3 a6 7. Na3 b5 8. Nd5 Nf6 9. Bg5 Be7 10. Bxf6 Bxf6 11. c3 Bg5 12. Bd3 Ne7 13. Nxe7 Qxe7 14. 0-0 0-0 15. Qf3 Be6 16. Rfe1 Rad8 17. Nc2 d5 18. Nb4 Qb7 19. exd5 Bxd5 20. Qf5 e4 21. Bxe4 Bxe4 22. Qxe4 Qb6 23. Qc6 Qxc6 24. Nxc6 Rd2 25. Rab1 h6 26. g3 f5 27. Nd4 f4 28. Re2 fxg3 29. hxg3 Rd3 30. Kg2 Bf6 31. Nc6 Bg5 32. Rbe1 Rdf3 33. Nd4 R3f7 34. Ne6 Ra8 35. Nxg5 hxg5 36. Re5 Raf8 37. R1e2 Rf5 38. Rxf5 Rxf5 39. Re6 Rf6 40. Rxf6 gxf6 41. g4 Kf7 42. Kf3 Ke7 43. Ke4 Ke6 44. b3 a5 45. a3 a4 46. bxa4 bxa4 47. c4 Kd6 48. Kd4 Kc6 49. c5 Kc7 50. Kc4 Kb7 51. Kb5 Kc7 52. Kxa4 Kc6 53. Kb4 Kc7 54. Kb5 Kb7 55. c6+ Kc7 56. a4 Kb8 57. Kb6 Kc8 58. c7 1-0